[Event "AUTO-MASTER-3256"]
[Site "http://www.queenalice.com/game.php?id=1853550"]
[Date "2025.3.9"]
[Round "1"]
[White "Canaye14"]
[Black "cm1964"]
[Result "0-1"]
[WhiteElo "1873"]
[BlackElo "2127"]

1. d4 Nf6 2. Bf4 g6 3. Nf3 Bg7 4. e3 d6 5. c3 O-O 6. Nbd2 Nh5 7. Bg3 Nxg3 8.
hxg3 Nd7 9. Bd3 Nf6 10. Qc2 Ng4 11. Ng5 h6 12. Ngf3 e5 13. dxe5 dxe5 14. Bxg6
fxg6 15. Nh4 Rxf2 16. Nxg6 Nxe3 17. Qb3+ Rf7 18. Nh4 Qd3 19. Nf1 Be6 20. Qxe6
Nc2# 0-1

[Event "AUTO-MASTER-3256"]
[Site "http://www.queenalice.com/game.php?id=1853551"]
[Date "2025.3.9"]
[Round "1"]
[White "cm1964"]
[Black "Pin"]
[Result "1-0"]
[WhiteElo "2156"]
[BlackElo "2024"]

1. e4 c5 2. Nf3 d6 3. d4 cxd4 4. Nxd4 Nf6 5. Nc3 a6 6. h3 e5 7. Nb3 Be7 8. g4
Be6 9. g5 Nfd7 10. h4 Nc6 11. Be3 O-O 12. Nd5 Re8 13. Qf3 Bf8 14. O-O-O Bxd5 15.
exd5 Na7 16. h5 Qe7 17. Bh3 Nc8 18. g6 f6 19. Be6+ Kh8 20. h6 Nc5 21. hxg7+ 1-0

[Event "AUTO-MASTER-3256"]
[Site "http://www.queenalice.com/game.php?id=1853552"]
[Date "2025.3.9"]
[Round "1"]
[White "Pin"]
[Black "cm1964"]
[Result "0-1"]
[WhiteElo "2019"]
[BlackElo "2141"]

1. d4 Nf6 2. Nf3 d5 3. Bf4 c5 4. c3 Nc6 5. e3 Qb6 6. Qc2 g6 7. Be2 Nh5 8. Nbd2
Nxf4 9. exf4 cxd4 10. c4 Bf5 11. Qc1 d3 12. Bd1 Bg7 13. Rb1 O-O 14. O-O Rac8 15.
Bb3 Na5 16. Ne5 dxc4 17. Ndxc4 Nxc4 18. Nxc4 Qa6 19. a4 Be6 0-1

[Event "AUTO-MASTER-3256"]
[Site "http://www.queenalice.com/game.php?id=1853553"]
[Date "2025.3.9"]
[Round "1"]
[White "cm1964"]
[Black "kubinet"]
[Result "1-0"]
[WhiteElo "2131"]
[BlackElo "2058"]

1. e4 c5 2. Nf3 Nc6 3. Bb5 g6 4. O-O Bg7 5. Bxc6 bxc6 6. Re1 d6 7. e5 d5 8. h3
Qc7 9. Nc3 e6 10. Na4 c4 11. d4 cxd3 12. cxd3 Ne7 13. Bd2 O-O 14. d4 Bd7 15. Bg5
Nf5 16. g4 Nh6 17. Qd2 1-0

[Event "AUTO-MASTER-3256"]
[Site "http://www.queenalice.com/game.php?id=1853554"]
[Date "2025.3.9"]
[Round "1"]
[White "kubinet"]
[Black "cm1964"]
[Result "0-1"]
[WhiteElo "2083"]
[BlackElo "2165"]

1. e4 c5 2. Nf3 d6 3. d4 cxd4 4. Nxd4 Nf6 5. Nc3 a6 6. a4 e5 7. Nb3 Be7 8. Bg5
Be6 9. Be2 Nc6 10. O-O Rc8 11. Qd2 O-O 12. Rad1 Nb4 13. Bd3 Nxd3 14. cxd3 Bxb3
15. Rc1 Be6 16. f4 exf4 17. Qxf4 h6 18. Bxf6 Bxf6 19. Qf3 Qb6+ 20. Kh1 Qxb2 21.
Ne2 Rxc1 22. Rxc1 b5 23. axb5 axb5 24. Qf1 b4 25. Nf4 b3 26. Rb1 Qc2 27. Nxe6
fxe6 28. Qd1 Qxd1+ 29. Rxd1 Rc8 0-1

[Event "AUTO-OPEN-4600"]
[Site "http://www.queenalice.com/game.php?id=1858813"]
[Date "2025.6.16"]
[Round "1"]
[White "cm1964"]
[Black "Tonto"]
[Result "1-0"]
[WhiteElo "2223"]
[BlackElo "2057"]

1. e4 e5 2. Nf3 d6 3. d4 exd4 4. Nxd4 c5 5. Ne2 Nc6 6. Nbc3 Be7 7. Nf4 Nf6 8. f3
O-O 9. Be3 Be6 10. Qd2 Ne5 11. O-O-O Bc4 12. b3 Bxf1 13. Rhxf1 Qa5 14. g4 Rad8
15. g5 Ne8 16. Nfd5 Nc6 17. f4 b5 18. f5 b4 19. Na4 Nc7 20. f6 Nxd5 21. exd5
Bxf6 22. gxf6 g6 23. dxc6 Qc7 24. Bxc5 dxc5 25. Qh6 Rxd1+ 26. Rxd1 1-0

[Event "AUTO-OPEN-4600"]
[Site "http://www.queenalice.com/game.php?id=1858814"]
[Date "2025.6.16"]
[Round "1"]
[White "Tonto"]
[Black "cm1964"]
[Result "0-1"]
[WhiteElo "2003"]
[BlackElo "2252"]

1. e4 c5 2. Nf3 d6 3. Bc4 Nf6 4. Nc3 e6 5. d4 cxd4 6. Nxd4 a6 7. Bg5 Be7 8. O-O
b5 9. Bb3 O-O 10. Qf3 Bb7 11. Bxf6 Bxf6 12. Nce2 Nd7 13. c3 Qb6 14. Rad1 a5 15.
a3 b4 16. Nxe6 Ne5 17. Qg3 fxe6 18. Bxe6+ Kh8 19. Bf5 g6 20. Be6 Rae8 21. Bd5
Ba6 22. Rfe1 bxa3 23. bxa3 Qd8 24. Nd4 Bh4 25. Qh3 Bxf2+ 26. Kh1 Bxe1 27. Ne6
Rf1# 0-1

[Event "AUTO-OPEN-4600"]
[Site "http://www.queenalice.com/game.php?id=1858815"]
[Date "2025.6.16"]
[Round "1"]
[White "cm1964"]
[Black "IranSilva"]
[Result "1-0"]
[WhiteElo "2211"]
[BlackElo "2215"]

1. e4 e6 2. d4 d5 3. Nc3 dxe4 4. Nxe4 Nd7 5. Nf3 Ngf6 6. Nxf6+ Nxf6 7. Be3 Bd6
8. Bd3 O-O 9. Qe2 b6 10. O-O-O Bb7 11. Rhe1 a5 12. c4 Bb4 13. Rg1 Re8 14. Ne5 a4
15. a3 Bf8 16. Bg5 Be7 17. Kb1 g6 18. Rge1 Nd7 19. Nxf7 Kxf7 20. Qxe6+ 1-0

[Event "AUTO-OPEN-4600"]
[Site "http://www.queenalice.com/game.php?id=1858816"]
[Date "2025.6.16"]
[Round "1"]
[White "IranSilva"]
[Black "cm1964"]
[Result "0-1"]
[WhiteElo "2214"]
[BlackElo "2199"]

1. Nf3 d5 2. e3 Nf6 3. c4 e6 4. d4 Be7 5. Nc3 O-O 6. Bd3 dxc4 7. Bxc4 a6 8. O-O
b5 9. Bd3 Bb7 10. Bd2 c5 11. Qe2 Nbd7 12. dxc5 Bxf3 13. Qxf3 Nxc5 0-1

[Event "AUTO-OPEN-4600"]
[Site "http://www.queenalice.com/game.php?id=1858817"]
[Date "2025.6.16"]
[Round "1"]
[White "cm1964"]
[Black "Zero007"]
[Result "1-0"]
[WhiteElo "2198"]
[BlackElo "1649"]

1. e4 e5 2. Nf3 Nf6 3. Nxe5 d6 4. Nf3 Nxe4 5. d4 d5 6. Bd3 Bd6 7. O-O O-O 8. Re1
Bg4 9. Bxe4 dxe4 10. Rxe4 Bf5 11. Re1 Nc6 12. c3 Qd7 13. Be3 h6 14. Nbd2 b5 15.
a4 a6 16. Nf1 Ne7 17. Ne5 Bxe5 18. dxe5 Qc6 19. Ng3 Be6 20. Qh5 Ng6 21. Bxh6 Bd5
22. Bxg7 1-0

[Event "AUTO-OPEN-4600"]
[Site "http://www.queenalice.com/game.php?id=1858818"]
[Date "2025.6.16"]
[Round "1"]
[White "Zero007"]
[Black "cm1964"]
[Result "0-1"]
[WhiteElo "1604"]
[BlackElo "2164"]

1. e4 c5 2. Nf3 d6 3. d4 cxd4 4. Nxd4 Nf6 5. Nc3 a6 6. Be3 e5 7. Nb3 Be6 8. f3
h5 9. h4 Nbd7 10. Qd2 Be7 11. O-O-O Rc8 12. Kb1 b5 13. Bd3 O-O 14. Rhg1 Nb6 15.
Qf2 Na4 16. Ne2 d5 17. exd5 Nxd5 18. g3 f5 19. Bc1 e4 0-1

[Event "AUTO-OPEN-4480"]
[Site "http://www.queenalice.com/game.php?id=1860564"]
[Date "2025.7.25"]
[Round "2"]
[White "Jovanina1"]
[Black "cm1964"]
[Result "0-1"]
[WhiteElo "2207"]
[BlackElo "2354"]

1. f3 e5 2. g3 d5 3. Nh3 Nc6 4. Nf2 h5 5. Bg2 h4 6. g4 h3 7. Bf1 f5 8. Bxh3 fxg4
9. fxg4 Rxh3 10. Nxh3 Qh4+ 11. Nf2 Nf6 12. h3 Ne4 13. Rf1 Be6 14. Nc3 Nxf2 15.
Rxf2 Qxh3 16. d4 Be7 17. g5 Qh1+ 18. Rf1 Qh4+ 19. Rf2 exd4 20. Nb5 Kd7 21. Bf4
Rf8 22. Nxd4 Rxf4 23. Nf3 Rxf3 24. exf3 Bc5 25. Qd2 Ne5 26. Qe2 Bxf2+ 27. Qxf2
Nxf3+ 28. Ke2 Nd4+ 29. Kf1 Qh1+ 30. Qg1 Bh3+ 31. Kf2 Qf3+ 0-1

[Event "AUTO-OPEN-4480"]
[Site "http://www.queenalice.com/game.php?id=1860565"]
[Date "2025.7.25"]
[Round "2"]
[White "cm1964"]
[Black "Jovanina1"]
[Result "1-0"]
[WhiteElo "2345"]
[BlackElo "2223"]

1. e4 e6 2. d4 d5 3. Nc3 Bb4 4. e5 Nc6 5. a3 Ba5 6. Qg4 Bxc3+ 7. bxc3 g6 8. h4
h5 9. Qf3 Nce7 10. Bd3 c6 11. Ne2 Qa5 12. a4 b5 13. Ba3 bxa4 14. Bb4 Qc7 15.
Rxa4 a5 16. Kd2 Bb7 17. Bd6 Qb6 18. Rha1 Nc8 19. Bc5 Qd8 20. Nc1 Qxh4 21. Rb1
Qg5+ 22. Kd1 Rb8 23. Ba6 Ra8 24. Bxb7 1-0

[Event "AUTO-ELITE-2591"]
[Site "http://www.queenalice.com/game.php?id=1860813"]
[Date "2025.7.29"]
[Round "1"]
[White "cm1964"]
[Black "WoodpusherKid"]
[Result "1/2-1/2"]
[WhiteElo "2408"]
[BlackElo "2742"]

1. e4 e5 2. Nf3 Nc6 3. Bb5 Nf6 4. d3 Bc5 5. Bxc6 dxc6 6. O-O Bg4 7. h3 Bh5 8.
Be3 Nd7 9. Qe2 Qe7 10. Nbd2 O-O-O 11. a3 Bxe3 12. Qxe3 Bxf3 13. Nxf3 c5 14. b4
Rhg8 15. Nd2 g5 16. g3 h5 17. Rfb1 Rg6 18. Nf3 a6 19. Rb2 b6 20. c3 h4 21. g4
Rc6 22. Nxg5 Nf8 23. Rc2 Ng6 24. Nf3 Rcd6 25. Rd2 Nf4 26. Ne1 Ne6 27. Rad1 Rc6
28. Rc2 Rcd6 29. Rcd2 Rc6 30. bxc5 Nxc5 31. Nf3 Nb3 32. Rc2 a5 33. a4 Kb7 34.
Qe2 Nc5 35. d4 exd4 36. Rxd4 Ne6 37. Rxd8 Qxd8 38. e5 Qd5 39. Rd2 Qc5 40. Nd4
Qxc3 41. Nxe6 Rxe6 42. Qe4+ c6 43. Rd4 Ka6 44. f4 b5 45. Rd3 Qb4 46. axb5+ cxb5
47. Qa8+ Kb6 48. Qb8+ Ka6 49. Qc8+ Kb6 50. Qb8+ Ka6 51. Qc8+ Kb6 52. Qb8+ Ka6
1/2-1/2

[Event "AUTO-ELITE-2591"]
[Site "http://www.queenalice.com/game.php?id=1860814"]
[Date "2025.7.29"]
[Round "1"]
[White "WoodpusherKid"]
[Black "cm1964"]
[Result "1/2-1/2"]
[WhiteElo "2735"]
[BlackElo "2415"]

1. e4 c5 2. Nc3 d6 3. Nge2 Nf6 4. d4 cxd4 5. Nxd4 a6 6. h3 e5 7. Nde2 h5 8. g3
Be7 9. Bg2 b5 10. Nd5 Nxd5 11. Qxd5 Ra7 12. Be3 Rb7 13. O-O-O Nd7 14. g4 Nb6 15.
Qd3 Nc4 16. gxh5 Be6 17. Kb1 Qa5 18. Nc1 Nxe3 19. Qxe3 Rxh5 20. f4 exf4 21. Qxf4
Qa4 22. Bf3 Rc5 23. Rh2 Rbc7 24. Nb3 b4 25. Rd4 Ra5 26. a3 Rb5 27. Be2 Rb6 28.
Qd2 Bf6 29. Rxb4 Rxb4 30. Qxb4 Qxb4 31. axb4 Rb7 32. b5 axb5 33. Na5 Rb6 34. Bg4
Ke7 35. Rg2 Ra6 36. Bxe6 Kxe6 37. Nb3 Ra4 38. Rg4 g6 39. Nc1 Rd4 40. Nd3 Bg7 41.
Nf4+ Kf6 42. Ka2 Ke7 43. Nd5+ Kd7 44. Rh4 Be5 45. c3 Rd2 46. Kb3 Re2 47. Ka2 Bg3
48. Rh7 Ke6 49. Nc7+ Ke7 50. Rh8 Be5 51. Nd5+ Kd7 52. Rh4 Rh2 53. Kb3 Re2 54.
Rg4 Rh2 55. Rh4 Re2 56. Ka2 1/2-1/2

[Event "AUTO-MASTER-3256"]
[Site "http://www.queenalice.com/game.php?id=1861470"]
[Date "2025.8.12"]
[Round "2"]
[White "cm1964"]
[Black "Ron39"]
[Result "1-0"]
[WhiteElo "2362"]
[BlackElo "2278"]

1. e4 c6 2. d4 d5 3. e5 Bf5 4. Nf3 e6 5. Be2 c5 6. c3 Nc6 7. O-O Qb6 8. dxc5
Bxc5 9. b4 Be7 10. Be3 Qc7 11. b5 Nxe5 12. Nxe5 Qxe5 13. Bd4 Qf4 14. Bxg7 Bf6
15. g3 Qe5 16. Bxh8 Bxh8 17. Bd3 Bg6 18. Re1 Qg5 19. a4 Rc8 20. a5 Ne7 21. Ra4
Bxc3 22. Nxc3 Rxc3 23. Bxg6 Nxg6 24. Qd4 Rc1 25. Rxc1 Qxc1+ 26. Kg2 a6 27. bxa6
bxa6 28. Rb4 1-0

[Event "AUTO-MASTER-3256"]
[Site "http://www.queenalice.com/game.php?id=1861471"]
[Date "2025.8.12"]
[Round "2"]
[White "Ron39"]
[Black "cm1964"]
[Result "0-1"]
[WhiteElo "2269"]
[BlackElo "2403"]

1. e4 c5 2. Nf3 d6 3. d4 cxd4 4. Nxd4 Nf6 5. Nc3 a6 6. Be2 e5 7. Nf3 Be7 8. O-O
Be6 9. Be3 O-O 10. Ng5 Bd7 11. Qd2 h6 12. Nf3 Be6 13. Rfd1 Nbd7 14. Qe1 b5 15.
a3 Qb8 16. Nd2 Qb7 17. Bf3 Rfc8 18. Nf1 Nc5 19. Bxc5 Rxc5 20. Qd2 Rac8 21. Ne3
h5 22. Qd3 g6 23. h3 Bf8 24. Ncd5 Bxd5 25. exd5 Bh6 26. c3 Kg7 27. Nf1 Qb6 28.
Nd2 h4 29. Nb3 R5c7 30. Nd2 Nd7 31. Qf1 Nc5 32. Kh2 Bxd2 33. Rxd2 Nb3 34. Rad1
Nxd2 35. Rxd2 a5 36. g3 hxg3+ 37. fxg3 b4 38. axb4 axb4 39. cxb4 Rc2 0-1

[Event "AUTO-OPEN-4600"]
[Site "http://www.queenalice.com/game.php?id=1864593"]
[Date "2025.10.21"]
[Round "2"]
[White "cm1964"]
[Black "MarcosT"]
[Result "1-0"]
[WhiteElo "2278"]
[BlackElo "2049"]

1. e4 e5 2. Nf3 Nf6 3. Nxe5 Nc6 4. Nxc6 dxc6 5. d3 Bc5 6. Be2 h5 7. c3 Ng4 8. d4
Qh4 9. g3 Qf6 10. Bf3 Be7 11. h3 Nh6 12. Bf4 Kd8 13. Bxh5 1-0

[Event "AUTO-OPEN-4600"]
[Site "http://www.queenalice.com/game.php?id=1864594"]
[Date "2025.10.21"]
[Round "2"]
[White "MarcosT"]
[Black "cm1964"]
[Result "0-1"]
[WhiteElo "2003"]
[BlackElo "2353"]

1. d4 Nf6 2. e3 d5 3. Bd3 c5 4. c3 Nc6 5. f4 Bg4 6. Nf3 e6 7. Nbd2 Bd6 8. O-O
O-O 9. Qc2 c4 10. Be2 Bf5 11. Qd1 Ng4 12. Nb1 b5 13. Ne5 Ngxe5 14. fxe5 Bc7 15.
Nd2 f6 16. exf6 Rxf6 17. Rf2 Qd6 18. Nf3 e5 19. Ng5 exd4 20. g3 d3 21. Bh5 Ne5
22. e4 dxe4 23. Qe1 Bb6 24. Be3 Raf8 25. Bxb6 Qxb6 26. Kg2 e3 0-1

[Event "AUTO-OPEN-4600"]
[Site "http://www.queenalice.com/game.php?id=1864595"]
[Date "2025.10.21"]
[Round "2"]
[White "cm1964"]
[Black "chessman"]
[Result "1-0"]
[WhiteElo "2317"]
[BlackElo "2131"]

1. e4 e6 2. d4 d5 3. Nc3 dxe4 4. Nxe4 Nd7 5. Nf3 Ngf6 6. Nxf6+ Nxf6 7. Be3 Be7
8. Bd3 O-O 9. Qe2 a6 10. c3 Bd7 11. Ne5 Rc8 12. O-O h6 13. Qf3 c5 14. Qg3 Kh8
15. Qh3 cxd4 16. Bxh6 1-0

[Event "AUTO-OPEN-4600"]
[Site "http://www.queenalice.com/game.php?id=1864596"]
[Date "2025.10.21"]
[Round "2"]
[White "chessman"]
[Black "cm1964"]
[Result "0-1"]
[WhiteElo "2116"]
[BlackElo "2283"]

1. e4 c5 2. Nf3 d6 3. Bb5+ Nd7 4. c4 g6 5. O-O Bg7 6. d4 cxd4 7. Nxd4 a6 8. Ba4
Nf6 9. Nc3 O-O 10. Re1 Ne5 11. Qe2 Qb6 12. Be3 Nfg4 13. Bb3 Nxe3 14. Qxe3 Ng4
0-1